عرض عادي عرض مارك
  • البدري، أحمد طلال عبد الحميد

مدخل إسم شخص

عدد التسجيلات المستخدمة في: 1

001 - رقم الضبط

  • حقل الضبط: 53259

003 - معرف رقم الضبط

  • حقل الضبط: OSt

005 - تاريخ ووقت أخر عملية

  • حقل الضبط: 20160201115529.0

008 - عناصر بيانات ثابتة الطول

  • حقل تحكم ثابت الطول: 160201|| aca||aabn | a|a d

040 ## - مصدر الفهرسة

  • هيئة الفهرسة الأصلية: OSt
  • وكالة الكتابة: OSt

100 ## - مدخل -- أسم شخص

  • إسم شخص: البدري، أحمد طلال عبد الحميد

670 ## - بيانات المصدر موجوده

  • الاستشهاد بالمصدر: Work cat.: (OSt)38712: البدري، أحمد طلال عبد الحميد, قاعدة العقد شريعة المتعاقدين في مجال العقود الإدارية :, 2013